[Event "BL2-Nord 0304"]
[Site "Germany"]
[Date "2004.??.??"]
[Round "?.6"]
[White "Darnstaedt, Frank"]
[Black "Pedersen, Steffen"]
[Result "1/2-1/2"]
[WhiteElo "2320"]
[BlackElo "2415"]
[PlyCount "36"]
[EventDate "2003.10.??"]
[EventType "team-tourn"]
[EventRounds "9"]
[EventCountry "GER"]
[SourceTitle "CBM 100 Extra"]
[Source "ChessBase"]
[SourceDate "2004.07.06"]
[SourceVersion "2"]
[SourceVersionDate "2004.07.06"]
[SourceQuality "1"]
[WhiteTeam "Kreuzberg"]
[BlackTeam "Preetz"]
[WhiteTeamCountry "GER"]
[BlackTeamCountry "GER"]

1. e4 c6 2. d4 d5 3. exd5 cxd5 4. c4 Nf6 5. Nc3 Nc6 6. Nf3 Be6 7. c5 g6 8. b4 Ne4 9. Bb2 Bg7 10. b5 Na5 11. Be2 0-0 12. 0-0 Nc4 13. Bxc4 Nxc3 14. Bxc3 dxc4 15. Qe2 Qd5 16. Qe3 Rfd8 17. Rfe1 Qd7 18. a4 Qd5 1/2-1/2

[Event "Oberliga Nord O 0203"]
[Site "Germany"]
[Date "2003.03.09"]
[Round "8.4"]
[White "Darnstaedt, Frank"]
[Black "Schlemermeyer, Wilhelm"]
[Result "1/2-1/2"]
[WhiteElo "2300"]
[BlackElo "2345"]
[PlyCount "117"]
[EventDate "2002.10.20"]
[EventType "team"]
[EventRounds "9"]
[EventCountry "GER"]
[SourceTitle "EXT 2009"]
[Source "ChessBase"]
[SourceDate "2008.11.26"]
[SourceVersion "1"]
[SourceVersionDate "2008.11.26"]
[SourceQuality "1"]
[WhiteTeam "Berlin Empor"]
[BlackTeam "Kreuzberg"]
[WhiteTeamCountry "GER"]
[BlackTeamCountry "GER"]

1. e4 g6 2. d4 d6 3. Nc3 Bg7 4. Nf3 Nf6 5. Be2 0-0 6. 0-0 c5 7. h3 cxd4 8. Nxd4 Nc6 9. Be3 d5 10. exd5 Nxd5 11. Nxd5 Qxd5 12. Bf3 Qa5 13. c3 Nxd4 14. Bxd4 e5 15. Be3 Be6 16. Bxb7 Rab8 17. b4 Qa3 18. Bc6 Rfc8 19. Qa4 Qxa4 20. Bxa4 Rxc3 21. a3 e4 22. Rfd1 a5 23. Bd4 axb4 24. axb4 Bxd4 25. Rxd4 e3 26. fxe3 Rxe3 27. Bc6 Rb3 28. b5 R8xb5 29. Bxb5 Rxb5 30. Rad1 h5 31. R1d2 Rf5 32. Rf2 Rxf2 33. Kxf2 Kg7 34. h4 Kf6 35. Rf4+ Kg7 36. Ke3 Bf5 37. g3 Be6 38. Ra4 Kf6 39. Kf4 Bd7 40. Ra6+ Be6 41. Rb6 Kg7 42. Ke5 Ba2 43. Rf6 Bb3 44. Rf4 Be6 45. Rb4 Bd7 46. Kd6 Bf5 47. Ke7 Be6 48. Rf4 Bf5 49. Rf2 Be6 50. Rf6 Ba2 51. Rb6 Bc4 52. Rb4 Be6 53. Rd4 Bf5 54. Rd6 Be6 55. Rxe6 fxe6 56. Kxe6 g5 57. Kf5 gxh4 58. gxh4 Kh6 59. Kf6 1/2-1/2

[Event "Oberliga Nord O 0203"]
[Site "Germany"]
[Date "2003.02.23"]
[Round "7.4"]
[White "Kleeschaetzky, Rainer"]
[Black "Darnstaedt, Frank"]
[Result "1/2-1/2"]
[WhiteElo "2323"]
[BlackElo "2300"]
[PlyCount "31"]
[EventDate "2002.10.20"]
[EventType "team"]
[EventRounds "9"]
[EventCountry "GER"]
[SourceTitle "EXT 2009"]
[Source "ChessBase"]
[SourceDate "2008.11.26"]
[SourceVersion "1"]
[SourceVersionDate "2008.11.26"]
[SourceQuality "1"]
[WhiteTeam "Schwedt "]
[BlackTeam "Berlin Empor"]
[WhiteTeamCountry "GER"]
[BlackTeamCountry "GER"]

1. e4 c5 2. c3 d5 3. exd5 Qxd5 4. d4 Nf6 5. Nf3 e6 6. Be2 cxd4 7. cxd4 Nc6 8. 0-0 Be7 9. Nc3 Qd6 10. Nb5 Qd8 11. Bf4 Nd5 12. Bg3 a6 13. Nc3 0-0 14. Rc1 Nf6 15. a3 b6 16. d5 1/2-1/2

[Event "Oberliga Nord O 0203"]
[Site "Germany"]
[Date "2003.02.09"]
[Round "6.3"]
[White "Jandke, Manfred"]
[Black "Darnstaedt, Frank"]
[Result "0-1"]
[WhiteElo "2192"]
[BlackElo "2300"]
[PlyCount "104"]
[EventDate "2002.10.20"]
[EventType "team"]
[EventRounds "9"]
[EventCountry "GER"]
[SourceTitle "EXT 2009"]
[Source "ChessBase"]
[SourceDate "2008.11.26"]
[SourceVersion "1"]
[SourceVersionDate "2008.11.26"]
[SourceQuality "1"]
[WhiteTeam "Cottbus"]
[BlackTeam "Berlin Empor"]
[WhiteTeamCountry "GER"]
[BlackTeamCountry "GER"]

1. Nf3 Nf6 2. d4 g6 3. g3 Bg7 4. Bg2 0-0 5. 0-0 d5 6. c4 dxc4 7. Na3 c3 8. bxc3 c5 9. e3 Nc6 10. Qe2 Qc7 11. Rd1 Rd8 12. Bb2 a6 13. h3 b5 14. Nc2 Bb7 15. a4 b4 16. cxb4 cxb4 17. Qc4 Nd5 18. Ng5 e6 19. a5 Rac8 20. e4 Nc3 21. Bxc3 bxc3 22. e5 Qe7 23. Qb3 Rb8 24. Ne4 Nxd4 25. Nf6+ Bxf6 26. exf6 Qxf6 27. Rxd4 Bxg2 28. Rxd8+ Qxd8 29. Qxc3 Rc8 30. Qd4 Qxd4 31. Nxd4 Bxh3 32. Rb1 Rc5 33. Rb8+ Kg7 34. Nb3 Rc3 35. Rb6 Bg4 36. Kg2 Bf3+ 37. Kh3 Rc6 38. Nd4 Rc3 39. Nxf3 Rxf3 40. Kg2 Ra3 41. Rxa6 Ra2 42. Kf3 h5 43. Ra8 Kf6 44. a6 Kf5 45. Ke3 e5 46. f3 Ra3+ 47. Kf2 e4 48. fxe4+ Kxe4 49. Kg2 Kf5 50. Ra7 f6 51. Kh2 Ra2+ 52. Kg1 Kg4 0-1

[Event "Oberliga Nord O 0203"]
[Site "Germany"]
[Date "2003.01.13"]
[Round "4.4"]
[White "Darnstaedt, Frank"]
[Black "Schneider, Bernhard"]
[Result "1-0"]
[WhiteElo "2300"]
[BlackElo "2247"]
[PlyCount "115"]
[EventDate "2002.10.20"]
[EventType "team"]
[EventRounds "9"]
[EventCountry "GER"]
[SourceTitle "EXT 2009"]
[Source "ChessBase"]
[SourceDate "2008.11.26"]
[SourceVersion "1"]
[SourceVersionDate "2008.11.26"]
[SourceQuality "1"]
[WhiteTeam "Berlin Empor"]
[BlackTeam "Lasker Steglitz"]
[WhiteTeamCountry "GER"]
[BlackTeamCountry "GER"]

1. e4 e6 2. d4 d5 3. Nd2 Nf6 4. e5 Nfd7 5. Bd3 c5 6. c3 Nc6 7. Ne2 cxd4 8. cxd4 Be7 9. 0-0 a5 10. Nf3 Nb6 11. Nf4 g6 12. Re1 a4 13. g3 Nb4 14. Bb1 Nc4 15. a3 Nc6 16. Ba2 b5 17. Nd3 h6 18. Nc5 Bd7 19. Bxc4 bxc4 20. Be3 Na5 21. Nd2 Bc6 22. Nf3 g5 23. h3 h5 24. Rb1 g4 25. Nh2 Bxc5 26. dxc5 Nb3 27. Bd4 Qe7 28. hxg4 h4 29. Nf3 hxg3 30. fxg3 Kd7 31. Kg2 Rab8 32. Rh1 Rhg8 33. g5 Nxc5 34. Rh7 Nb3 35. Qg1 Ke8 36. Rf1 Kd8 37. Qe3 Be8 38. Bc3 Qc5 39. Nd4 Qe7 40. Rf6 Qc5 41. Nxe6+ fxe6 42. Qxc5 Nxc5 43. Ba5+ Kc8 44. Rc7+ Kd8 45. Rb7+ Kc8 46. Rc7+ Kd8 47. Rg7+ Kc8 48. Rxg8 Rxb2+ 49. Rf2 Rxf2+ 50. Kxf2 Kd7 51. Ke3 d4+ 52. Kxd4 Nb3+ 53. Kxc4 Nxa5+ 54. Kb5 Nb3 55. g6 Ke7+ 56. Kb4 Nd4 57. g7 Nc6+ 58. Kxa4 1-0

[Event "Oberliga Nord O 0203"]
[Site "Germany"]
[Date "2002.12.15"]
[Round "3.4"]
[White "Darnstaedt, Frank"]
[Black "Kleeschaetzky, Ralf"]
[Result "1/2-1/2"]
[WhiteElo "2300"]
[BlackElo "2188"]
[PlyCount "34"]
[EventDate "2002.10.20"]
[EventType "team"]
[EventRounds "9"]
[EventCountry "GER"]
[SourceTitle "EXT 2009"]
[Source "ChessBase"]
[SourceDate "2008.11.26"]
[SourceVersion "1"]
[SourceVersionDate "2008.11.26"]
[SourceQuality "1"]
[WhiteTeam "Berlin Empor"]
[BlackTeam "Oberschoeneweide"]
[WhiteTeamCountry "GER"]
[BlackTeamCountry "GER"]

1. e4 c5 2. Nf3 Nf6 3. Nc3 d6 4. d4 cxd4 5. Nxd4 a6 6. Be2 e6 7. 0-0 Be7 8. a4 b6 9. Bf3 Ra7 10. Be3 Rc7 11. a5 bxa5 12. Nb3 Nfd7 13. Nxa5 0-0 14. Be2 Bb7 15. Qd2 Qc8 16. f4 Ba8 17. f5 Ne5 1/2-1/2

[Event "Oberliga Nord O 0102"]
[Site "Germany"]
[Date "2002.04.28"]
[Round "9.4"]
[White "Schulz, Volker"]
[Black "Darnstaedt, Frank"]
[Result "1-0"]
[WhiteElo "2220"]
[BlackElo "2315"]
[PlyCount "67"]
[EventDate "2001.10.07"]
[EventType "team"]
[EventRounds "9"]
[EventCountry "GER"]
[SourceTitle "EXT 2002"]
[Source "ChessBase"]
[SourceDate "2001.11.25"]
[SourceVersion "1"]
[SourceVersionDate "2001.11.25"]
[SourceQuality "1"]
[WhiteTeam "Friesen Lichtenberg"]
[BlackTeam "Berlin Empor"]
[WhiteTeamCountry "GER"]
[BlackTeamCountry "GER"]

1. c4 c5 2. Nc3 Nc6 3. g3 g6 4. Bg2 Bg7 5. e3 Nf6 6. Nge2 0-0 7. 0-0 d6 8. d4 cxd4 9. exd4 Bf5 10. h3 h5 11. Be3 Qd7 12. Kh2 Rac8 13. Rc1 e5 14. b3 a6 15. Qd2 Rfe8 16. Rcd1 e4 17. Nf4 Ne7 18. d5 b5 19. cxb5 Rxc3 20. Bd4 Rcc8 21. Qb2 g5 22. Bxf6 Bxf6 23. Qxf6 gxf4 24. gxf4 axb5 25. Rg1 Ng6 26. Bf1 Rb8 27. Rg5 e3 28. fxe3 Rxe3 29. Rxf5 Rc8 30. Rd2 Rcc3 31. Rxh5 Rf3 32. f5 Qa7 33. Rg2 Rc2 34. fxg6 1-0

[Event "Oberliga Nord O 0102"]
[Site "Germany"]
[Date "2002.04.15"]
[Round "8.5"]
[White "Postler, Reinhard"]
[Black "Darnstaedt, Frank"]
[Result "1/2-1/2"]
[WhiteElo "2285"]
[BlackElo "2315"]
[PlyCount "81"]
[EventDate "2001.10.07"]
[EventType "team"]
[EventRounds "9"]
[EventCountry "GER"]
[SourceTitle "EXT 2002"]
[Source "ChessBase"]
[SourceDate "2001.11.25"]
[SourceVersion "1"]
[SourceVersionDate "2001.11.25"]
[SourceQuality "1"]
[WhiteTeam "Berlin Rotation"]
[BlackTeam "Berlin Empor"]
[WhiteTeamCountry "GER"]
[BlackTeamCountry "GER"]

1. e4 c5 2. Nf3 Nc6 3. d4 cxd4 4. Nxd4 Nf6 5. Nc3 e5 6. Ndb5 d6 7. a4 h6 8. Bc4 a6 9. Na3 Be7 10. Be3 0-0 11. 0-0 Be6 12. f3 Nb4 13. Nd5 Nbxd5 14. exd5 Bf5 15. Be2 Nd7 16. Bd3 Bxd3 17. Qxd3 f5 18. Nc4 b5 19. axb5 axb5 20. Nd2 Bg5 21. Bf2 e4 22. fxe4 Ne5 23. Rxa8 Qxa8 24. Qe2 Bxd2 25. Qxd2 fxe4 26. Qd4 Ng4 27. Bg3 Rxf1+ 28. Kxf1 Qf8+ 29. Ke2 Qe7 30. h3 Nf6 31. Qb6 Qf7 32. Qxd6 Nxd5 33. Qe5 Nf6 34. Qb8+ Kh7 35. Qxb5 Qg6 36. Qe5 e3 37. Qxe3 Qxc2+ 38. Kf3 Qc6+ 39. Kf2 Ne4+ 40. Kg1 Nxg3 41. Qxg3 1/2-1/2

[Event "Bundesliga 0001"]
[Site "Germany"]
[Date "2000.10.14"]
[Round "1.8"]
[White "Chandler, Murray G"]
[Black "Darnstaedt, Frank"]
[Result "1-0"]
[WhiteElo "2526"]
[BlackElo "2330"]
[PlyCount "85"]
[EventDate "2000.10.14"]
[EventType "team-tourn"]
[EventRounds "15"]
[EventCountry "GER"]
[SourceTitle "CBM 082 Extra"]
[Source "ChessBase"]
[SourceDate "2001.07.03"]
[SourceVersion "1"]
[SourceVersionDate "2001.07.03"]
[SourceQuality "1"]
[WhiteTeam "Solingen"]
[BlackTeam "Magdeburg USC"]
[WhiteTeamCountry "GER"]
[BlackTeamCountry "GER"]

1. e4 c5 2. Nf3 Nc6 3. d4 cxd4 4. Nxd4 Nf6 5. Nc3 e5 6. Ndb5 d6 7. Bg5 a6 8. Na3 b5 9. Bxf6 gxf6 10. Nd5 Bg7 11. Bd3 Ne7 12. Nxe7 Qxe7 13. 0-0 f5 14. c4 0-0 15. Qh5 Qb7 16. Rfe1 bxc4 17. Nxc4 d5 18. exd5 Qxd5 19. Bxf5 Bxf5 20. Ne3 Bg6 21. Qxg6 hxg6 22. Nxd5 Rfb8 23. b3 a5 24. Rac1 a4 25. b4 a3 26. Kf1 Ra7 27. Rb1 Rb5 28. Nc3 Rb6 29. Rb3 f5 30. f3 Kf7 31. Rd1 Bf8 32. b5 Bc5 33. Rd8 Ra5 34. Rd7+ Ke8 35. Rh7 Kf8 36. Ke2 Bd4 37. Kd3 Rd6 38. Kc4 Bb6 39. Nd5 Bf2 40. Rb4 Be1 41. Rb1 Bf2 42. Kb4 Kg8 43. Rd7 1-0

[Event "Bundesliga 9900"]
[Site "Germany"]
[Date "2000.01.30"]
[Round "9.6"]
[White "Schaller, Sven"]
[Black "Darnstaedt, Frank"]
[Result "1-0"]
[WhiteElo "2308"]
[BlackElo "2340"]
[PlyCount "69"]
[EventDate "1999.10.09"]
[EventType "team-tourn"]
[EventRounds "15"]
[EventCountry "GER"]
[SourceTitle "CBM 074 Extra"]
[Source "ChessBase"]
[SourceDate "2000.03.10"]
[SourceVersion "2"]
[SourceVersionDate "2000.03.10"]
[SourceQuality "1"]
[WhiteTeam "Koenig Plauen"]
[BlackTeam "Magdeburg"]
[WhiteTeamCountry "GER"]
[BlackTeamCountry "GER"]

1. c4 e5 2. Nc3 Nf6 3. Nf3 Nc6 4. g3 Bb4 5. Bg2 0-0 6. 0-0 Re8 7. Nd5 Nxd5 8. cxd5 Nd4 9. Nxd4 exd4 10. e4 dxe3 11. dxe3 d6 12. a3 Bc5 13. b4 Bb6 14. Qc2 Qg5 15. Bd2 Re7 16. Rac1 Qh5 17. Bc3 Bh3 18. Qd1 Bg4 19. Qd2 Bf3 20. a4 a6 21. a5 Ba7 22. Ba1 f5 23. Rc4 Bxg2 24. Kxg2 Qf7 25. Rfc1 Rc8 26. Qd3 h6 27. R4c2 Rb8 28. h3 Rd7 29. Rc4 Rc8 30. Rf4 g6 31. g4 Rf8 32. gxf5 gxf5 33. Kh2 Kh7 34. Rg1 Qh5 35. Rfg4 1-0

[Event "Bundesliga 9900"]
[Site "Germany"]
[Date "1999.11.06"]
[Round "3.8"]
[White "Darnstaedt, Frank"]
[Black "Thiel, Thomas"]
[Result "1/2-1/2"]
[WhiteElo "2340"]
[BlackElo "2327"]
[PlyCount "39"]
[EventDate "1999.10.09"]
[EventType "team-tourn"]
[EventRounds "15"]
[EventCountry "GER"]
[SourceTitle "EXT 2000"]
[Source "ChessBase"]
[SourceDate "1999.11.16"]
[SourceVersion "1"]
[SourceVersionDate "1999.11.16"]
[SourceQuality "1"]
[WhiteTeam "Magdeburg"]
[BlackTeam "Wattenscheid"]
[WhiteTeamCountry "GER"]
[BlackTeamCountry "GER"]

1. e4 c5 2. c3 d5 3. exd5 Qxd5 4. d4 Nc6 5. Nf3 cxd4 6. cxd4 e5 7. Nc3 Bb4 8. Bd2 Bxc3 9. Bxc3 e4 10. Ne5 Nxe5 11. dxe5 Ne7 12. Qe2 0-0 13. Rd1 Qc6 14. Bb4 Re8 15. Bxe7 Rxe7 16. Rd8+ Re8 17. Rxe8+ Qxe8 18. Qxe4 Be6 19. Bd3 g6 20. 0-0 1/2-1/2

[Event "Bundesliga 9900"]
[Site "Germany"]
[Date "1999.10.10"]
[Round "2.8"]
[White "Darnstaedt, Frank"]
[Black "Meins, Gerlef"]
[Result "1/2-1/2"]
[WhiteElo "2340"]
[BlackElo "2421"]
[PlyCount "120"]
[EventDate "1999.10.09"]
[EventType "team-tourn"]
[EventRounds "15"]
[EventCountry "GER"]
[SourceTitle "EXT 2000"]
[Source "ChessBase"]
[SourceDate "1999.11.16"]
[SourceVersion "1"]
[SourceVersionDate "1999.11.16"]
[SourceQuality "1"]
[WhiteTeam "Magdeburg"]
[BlackTeam "Werder Bremen"]
[WhiteTeamCountry "GER"]
[BlackTeamCountry "GER"]

1. e4 c5 2. c3 d5 3. exd5 Qxd5 4. d4 Nc6 5. Nf3 Bg4 6. Be2 cxd4 7. cxd4 e6 8. Nc3 Qa5 9. h3 Bh5 10. d5 exd5 11. Nd4 Bxe2 12. Qxe2+ Be7 13. Nxc6 bxc6 14. 0-0 Nf6 15. Bd2 Qc7 16. Rfe1 d4 17. Na4 Nd5 18. Qg4 0-0 19. Qxd4 Bf6 20. Qc5 Rab8 21. Rac1 Bxb2 22. Qxd5 Bxc1 23. Rxc1 cxd5 24. Rxc7 Rfc8 25. Rxa7 Ra8 26. Rxa8 Rxa8 27. Nb6 Rxa2 28. Bc3 f6 29. Nxd5 Kf7 30. Nf4 Ra4 31. g3 Ra3 32. Bd4 Ra4 33. Be3 Ra2 34. Kg2 Ra8 35. Kf3 Re8 36. h4 Re5 37. g4 Ra5 38. Ne2 h6 39. Ng3 Rd5 40. Kf4 Ra5 41. Nf5 Ra4+ 42. Kf3 Ra5 43. Nd6+ Ke6 44. Ne4 Ra3 45. Ng3 Ra5 46. Bd4 Kf7 47. Ke4 Ke6 48. Nf5 Kf7 49. h5 Kg8 50. f4 Kf7 51. g5 hxg5 52. fxg5 fxg5 53. Nxg7 Ra2 54. Nf5 Rh2 55. Ng3 Rh4+ 56. Ke5 Rh3 57. Bf2 Kg7 58. Kf5 Kh6 59. Kg4 Rh4+ 60. Kf3 Rxh5 1/2-1/2

[Event "Bundesliga 9899"]
[Site "Germany"]
[Date "1999.04.18"]
[Round "15.8"]
[White "Heinatz, Thomas"]
[Black "Darnstaedt, Frank"]
[Result "0-1"]
[WhiteElo "2320"]
[BlackElo "2301"]
[PlyCount "82"]
[EventDate "1998.10.17"]
[EventType "team-tourn"]
[EventRounds "15"]
[EventCountry "GER"]
[SourceTitle "GER-chT"]
[Source "ChessBase"]
[SourceDate "1999.07.01"]
[SourceVersion "1"]
[SourceVersionDate "1999.07.01"]
[SourceQuality "1"]
[WhiteTeam "Dresden"]
[BlackTeam "Magdeburg USC"]
[WhiteTeamCountry "GER"]
[BlackTeamCountry "GER"]

1. e4 c5 2. Nf3 Nc6 3. d4 cxd4 4. Nxd4 Nf6 5. Nc3 e5 6. Ndb5 d6 7. Bg5 a6 8. Na3 b5 9. Nd5 Be7 10. Bxf6 Bxf6 11. c3 0-0 12. Nc2 Bg5 13. a4 bxa4 14. Rxa4 a5 15. Bb5 Bb7 16. h4 Bh6 17. Nce3 Bxe3 18. Nxe3 Ne7 19. Bc4 Bc6 20. Bd5 Nxd5 21. Nxd5 Bxa4 22. Qxa4 f5 23. exf5 Rxf5 24. Qe4 Rf7 25. 0-0 Rb8 26. Rb1 Qd7 27. g3 Qa7 28. Ne3 Qc5 29. h5 Rbf8 30. Rf1 Qb5 31. b4 axb4 32. cxb4 Qe2 33. Qd5 Qb2 34. b5 Qd4 35. Qe6 Kh8 36. h6 gxh6 37. Qxh6 Rf6 38. Qg5 Rg6 39. Qe7 Rxg3+ 40. fxg3 Qxe3+ 41. Kg2 Qe2+ 0-1

[Event "Leipzig VfB op 06th"]
[Site "Leipzig"]
[Date "1999.??.??"]
[Round "3"]
[White "Eichner, Sebastian"]
[Black "Darnstaedt, Frank"]
[Result "0-1"]
[WhiteElo "2140"]
[BlackElo "2301"]
[PlyCount "92"]
[EventDate "1999.03.??"]
[EventType "swiss"]
[EventRounds "9"]
[EventCountry "GER"]
[SourceTitle "EXT 2008"]
[Source "ChessBase"]
[SourceDate "2007.11.25"]
[SourceVersion "1"]
[SourceVersionDate "2007.11.25"]
[SourceQuality "1"]

1. d4 Nf6 2. Bg5 e6 3. e4 c5 4. d5 Qb6 5. Bxf6 gxf6 6. Qc1 Bh6 7. Qxh6 Qxb2 8. c3 Qxa1 9. Bd3 c4 10. Qxf6 Rg8 11. Nf3 d6 12. Ng5 Rxg5 13. Qxg5 cxd3 14. Qg8+ Ke7 15. Qg5+ Kd7 16. 0-0 exd5 17. Qxd5 Nc6 18. Qb3 Na5 19. Qb5+ Ke7 20. Qxa5 Be6 21. Qc7+ Ke8 22. Qxb7 Rc8 23. Qb5+ Ke7 24. e5 dxe5 25. Qxe5 Qxa2 26. Qg5+ Kf8 27. Qh6+ Ke8 28. Qxh7 Qe2 29. Qh8+ Ke7 30. Qh4+ f6 31. Qh7+ Bf7 32. f3 Qe3+ 33. Kh1 Rb8 34. Qe4+ Qxe4 35. fxe4 Rb2 36. h3 Bb3 37. Kg1 d2 38. Nxd2 Rxd2 39. Kh2 a5 40. h4 Re2 41. h5 Rxe4 42. Kg3 Re5 43. Kh4 Kf7 44. g4 Kg7 45. h6+ Kg6 46. h7 Re8 0-1

[Event "Leipzig VfB op 06th"]
[Site "Leipzig"]
[Date "1999.??.??"]
[Round "5"]
[White "Quast, Michael"]
[Black "Darnstaedt, Frank"]
[Result "1-0"]
[WhiteElo "2200"]
[BlackElo "2301"]
[PlyCount "95"]
[EventDate "1999.03.??"]
[EventType "swiss"]
[EventRounds "9"]
[EventCountry "GER"]
[SourceTitle "EXT 2008"]
[Source "ChessBase"]
[SourceDate "2007.11.25"]
[SourceVersion "1"]
[SourceVersionDate "2007.11.25"]
[SourceQuality "1"]

1. e4 c5 2. Nc3 Nc6 3. f4 d6 4. Nf3 e6 5. Bb5 Nge7 6. 0-0 g6 7. d4 Bd7 8. d5 exd5 9. exd5 Nb4 10. Ne4 Bg7 11. Nxd6+ Kf8 12. c4 Bxb5 13. Nxb5 Qb6 14. Nc3 Rd8 15. Be3 Nf5 16. Bf2 Na6 17. Nb5 h5 18. Rb1 Nb4 19. Qb3 a5 20. a3 Na6 21. Qc2 Qf6 22. Rfe1 Kg8 23. Ng5 Nd6 24. Nxd6 Qxd6 25. g3 h4 26. Ne4 Qc7 27. Ng5 hxg3 28. hxg3 Qd7 29. Qe2 Bf6 30. Ne4 Be7 31. g4 Kg7 32. Qf3 Rdg8 33. d6 Bd8 34. Rbd1 Kf8 35. Ng5 Rh6 36. Kg2 Rgh8 37. Bg3 Nb8 38. Ne4 b6 39. g5 Rh5 40. Nf6 Bxf6 41. gxf6 Qh3+ 42. Kf2 Kg8 43. Re7 g5 44. d7 Nxd7 45. Rdxd7 gxf4 46. Qa8+ Kh7 47. Rxf7+ Kg6 48. Rg7+ 1-0

[Event "Berliner Sommer 16th"]
[Site "Berlin"]
[Date "1998.??.??"]
[Round "4"]
[White "Darnstaedt, Frank"]
[Black "Poldauf, Dirk"]
[Result "0-1"]
[WhiteElo "2290"]
[BlackElo "2410"]
[PlyCount "80"]
[EventDate "1998.08.08"]
[EventType "swiss"]
[EventRounds "9"]
[EventCountry "GER"]
[SourceTitle "CBM 066 Extra"]
[Source "ChessBase"]
[SourceDate "1998.11.06"]
[SourceVersion "1"]
[SourceVersionDate "1998.11.06"]
[SourceQuality "1"]

1. e4 e6 2. d4 d5 3. Nd2 a6 4. Ngf3 c5 5. c3 cxd4 6. cxd4 Nc6 7. Be2 Nf6 8. e5 Nd7 9. 0-0 f6 10. exf6 Nxf6 11. Re1 Bd6 12. Nf1 0-0 13. Ng3 Qc7 14. Bg5 Bd7 15. Rc1 Rae8 16. Bd3 Qb8 17. Bb1 Re7 18. a3 Be8 19. Qd2 h6 20. Be3 g5 21. Ne5 Bxe5 22. dxe5 Nd7 23. f4 d4 24. Bxd4 Nxd4 25. Qxd4 gxf4 26. Nf1 Rg7 27. Kh1 Qd8 28. Be4 Qg5 29. Rc2 Nxe5 30. Bxb7 Ng4 31. Bf3 e5 32. Qc5 Bg6 33. Rd2 Qh4 34. Ree2 Re8 35. Bxg4 Qxg4 36. Rxe5 Rc8 37. Qd5+ Bf7 38. Qd7 Qxd7 39. Rxd7 Rc1 40. Kg1 Bc4 0-1

[Event "BL2-Ost 9798"]
[Site "Germany"]
[Date "1998.??.??"]
[Round "8.6"]
[White "Schneider, Henning"]
[Black "Darnstaedt, Frank"]
[Result "1/2-1/2"]
[WhiteElo "2220"]
[BlackElo "2280"]
[PlyCount "39"]
[EventDate "1997.10.??"]
[EventType "team-tourn"]
[EventRounds "9"]
[EventCountry "GER"]
[SourceTitle "EXT 1999"]
[Source "ChessBase"]
[SourceDate "1998.11.16"]
[SourceVersion "1"]
[SourceVersionDate "1998.11.16"]
[SourceQuality "1"]
[WhiteTeam "Dresden II"]
[BlackTeam "Magdeburg"]
[WhiteTeamCountry "GER"]
[BlackTeamCountry "GER"]

1. e4 c5 2. Nf3 Nc6 3. d4 cxd4 4. Nxd4 Nf6 5. Nc3 e5 6. Ndb5 d6 7. Bg5 a6 8. Na3 b5 9. Nd5 Be7 10. Bxf6 Bxf6 11. c3 0-0 12. Nc2 Bg5 13. a4 bxa4 14. Rxa4 Bb7 15. Be2 a5 16. 0-0 Nb8 17. b4 Nd7 18. Bc4 Kh8 19. Qd3 g6 20. Rfa1 1/2-1/2

[Event "Bundesliga 9697"]
[Site "Germany"]
[Date "1997.??.??"]
[Round "?.7"]
[White "Becker, Marc"]
[Black "Darnstaedt, Frank"]
[Result "1/2-1/2"]
[WhiteElo "2415"]
[BlackElo "2295"]
[PlyCount "53"]
[EventDate "1996.10.12"]
[EventType "team-tourn"]
[EventRounds "15"]
[EventCountry "GER"]
[SourceTitle "GER-chT"]
[Source "ChessBase"]
[SourceDate "1999.07.01"]
[SourceVersion "1"]
[SourceVersionDate "1999.07.01"]
[SourceQuality "1"]
[WhiteTeam "St Ingbert"]
[BlackTeam "Magdeburg"]
[WhiteTeamCountry "GER"]
[BlackTeamCountry "GER"]

1. c4 Nf6 2. g3 c6 3. Nf3 d5 4. b3 Bg4 5. Bg2 Nbd7 6. Bb2 e6 7. 0-0 Be7 8. d3 Bxf3 9. Bxf3 0-0 10. Nc3 a5 11. cxd5 exd5 12. d4 Re8 13. e3 Nf8 14. Bg2 Ne6 15. Qc2 Nd7 16. Rad1 Bf6 17. Ne2 Nb6 18. Nc1 g6 19. Nd3 Nd7 20. Rfe1 Bg7 21. Bc3 Qb6 22. Rb1 Qa7 23. h4 Bf8 24. Bb2 a4 25. Bh3 axb3 26. axb3 f5 27. Ra1 1/2-1/2

[Event "Spree op"]
[Site "Berlin"]
[Date "1997.??.??"]
[Round "8"]
[White "Brameyer, Hermann"]
[Black "Darnstaedt, Frank"]
[Result "1/2-1/2"]
[WhiteElo "2290"]
[BlackElo "2295"]
[PlyCount "34"]
[EventDate "1997.??.??"]
[EventType "swiss"]
[EventRounds "9"]
[EventCountry "GER"]
[SourceTitle "EXT 2001"]
[Source "ChessBase"]
[SourceDate "2000.11.22"]
[SourceVersion "1"]
[SourceVersionDate "2000.11.22"]
[SourceQuality "1"]

1. c4 Nf6 2. Nc3 d5 3. cxd5 Nxd5 4. g3 Nxc3 5. bxc3 g6 6. Bg2 Bg7 7. Rb1 Nd7 8. Nf3 0-0 9. 0-0 c5 10. c4 Rb8 11. d3 b6 12. Bf4 e5 13. Bg5 Qc7 14. Ne1 Bb7 15. Qc2 Rfe8 16. Bd2 Nf8 17. Bxb7 Rxb7 1/2-1/2

[Event "Bundesliga 9697"]
[Site "Germany"]
[Date "1997.??.??"]
[Round "?.7"]
[White "Darnstaedt, Frank"]
[Black "Schaefer, Markus"]
[Result "1/2-1/2"]
[WhiteElo "2295"]
[BlackElo "2435"]
[PlyCount "49"]
[EventDate "1996.10.12"]
[EventType "team-tourn"]
[EventRounds "15"]
[EventCountry "GER"]
[SourceTitle "GER-chT"]
[Source "ChessBase"]
[SourceDate "1999.07.01"]
[SourceVersion "1"]
[SourceVersionDate "1999.07.01"]
[SourceQuality "1"]
[WhiteTeam "Magdeburg"]
[BlackTeam "Solingen"]
[WhiteTeamCountry "GER"]
[BlackTeamCountry "GER"]

1. e4 e6 2. d4 d5 3. Nd2 Nf6 4. e5 Nfd7 5. Bd3 c5 6. c3 Nc6 7. Ne2 cxd4 8. cxd4 f6 9. Nf4 Nxd4 10. Qh5+ Ke7 11. exf6+ Nxf6 12. Ng6+ hxg6 13. Qxh8 Kf7 14. 0-0 e5 15. Nf3 Nxf3+ 16. gxf3 e4 17. Be2 Nh5 18. Rd1 Be6 19. f4 Qh4 20. f5 Bxf5 21. Rxd5 Qh3 22. Qh7 e3 23. Rxf5+ Qxf5 24. Bxe3 Bd6 25. Bxh5 1/2-1/2